00426ntaaa2200169 45000030003000000050017000030080021000200400037000410820017000781000020000952450037001152500010001522600039001623000014002016500026002156500015002410120251027202327.00714s1973 ag 01  aAR-BaBNbspacAR-BaBNeaacrdRIC a291.0000 E14 aEliade, Mircea  aPatterns in comparative religion a1 ed. aLondon : bSheed and Ward, cc1958 axv, 484 p areligiones comparadas areligión